A Quiz About ABBA - Statistics

General Stats
  • This quiz has been taken 12 times
  • The average score is 11 of 21
Answer Stats
Hint Answer % Correct
Song contest they won in 1974 Eurovision
91%
Country the band is from Sweden
91%
Song with which they won, named after the site of Napoleon's final defeat Waterloo
91%
Members of the group
B{jörn} Ulvaeus
73%
Italian interjection which is the title of a 1975 hit song, then of a 2008 musical comedy Mamma Mia
73%
♫ You are the Dancing Queen, Young and sweet, only _________ ♪ Seventeen
73%
Complete the lyrics: Gimme! Gimme! Gimme! A.... {Man} {after} {midnight}
64%
Song about a woman who wants to live in "a rich man's world" Money, Money, Money
64%
Name for a word that reads the same backward or forward, like ABBA Palindrome
64%
Members of the group
A{gnetha} Fältskog
55%
Members of the group
A{nni-Frid} Lyngstad
55%
Members of the group
B{enny} Andersson
55%
Spanish male first name that was the title of a 1975 song Fernando
55%
Song title that can also be written ...---... SOS
55%
1979 song with a French question as a title meaning "Do you want?" Voulez-vous
55%
Two words repeated five times in a famous song title {I} {Do}
36%
1980 ballad written in the aftermath of the divorce of two members of the band The Winner Takes It All
36%
Super Trouper is a song by ABBA. But what is a Super Trouper? Hint: it's used in concerts A spotlight
18%
Song first performed at the "Music for UNICEF" concert, with the title "Little Girl" in Spanish Chiquitita
18%
City home to the ABBA Arena, a venue built in 2022 for the band's holographic last tour London
18%
Manager who co-wrote many early lyrics, sometimes referred to as the "fifth member" {Stig} Anderson
0%
No matching quizzes found
Score Distribution
Percent of People with Each Score
Percentile by Number Answered
Your Score History
You have not taken this quiz